000 01720nam a2200541 i 4500
001 22989
003 KOSZ 005
005 20200304163747.0
008 981230s1985 pl f |000 0 pol
015 _aUWD 1985/5304
020 _a8301031735
035 _a991008804749705066
035 _a(PL-WaBN)b1227348x-48omnis_nlop
035 _ab1227348x
035 _a(OCoLC)830193045
035 _a(PL)b0000001227348
035 _a(EXLNZ-48OMNIS_NETWORK)9910347753705606
040 _aWA N
_cWA N
_dKOSZ 005/EG
041 0 _apol
046 _k1952
080 _a72/75.03(4)"13/17"(075.8)
100 1 _aBochnak, Adam
_d(1899-1974)
_eAutor
245 1 0 _aHistoria sztuki nowożytnej.
_nT. 1 /
_cAdam Bochnak.
250 _a[Wyd. 4].
260 _aWarszawa ;
_aKraków :
_bPańst. Wydaw. Naukowe,
_c1985.
300 _a344, [3] s. ;
_c21 cm.
336 _2rdacontent
_aTekst
_btxt
337 _2rdamedia
_aBez urządzenia pośredniczącego
_bn
338 _2rdacarrier
_aWolumin
_bnc
380 _aKsiążki
380 _aPublikacje dydaktyczne
385 _mPoziom nauczania
_aSzkoły wyższe
388 _a1901-2000
388 _a1945-1989
648 7 _a1301-1400
_2DBN
648 7 _a1401-1500
_2DBN
648 7 _a1501-1600
_2DBN
648 7 _a1601-1700
_2DBN
648 7 _a1701-1800
_2DBN
650 7 _aSztuka
_2DBN
650 7 _aHistoria
655 7 _aPodręczniki akademickie
_2DBN
658 _aKultura i sztuka
710 2 _aPaństwowe Wydawnictwo Naukowe
856 _uhttp://koha.tu.koszalin.pl/cgi-bin/koha/opac-detail.pl?biblionumber=22989
_yKatalog online BPK
942 _2UKD
_cKS
999 _c22989
_d22989